00661nam a22002177a 450000500170000000800410001701000140005802000260007203500130009803700150011104000180012608200140014410000370015824500560019526000490025127000600030030000260036050000190038665000210040570000170042620090603121027.0090603t xxu||||| |||| 00| 0 eng d aENG-93847 a9788131305270c595.00 aEN-77380 bDBAD / PUB adplbEnglish  a647.94068 aSingh, U.K. qUttam Kumar Singh  aHotel management /cby U.K. Singh [and] J.M. Dewan  aNew Delhi bAPH Publishing Corporationc2009 a4435-36/7, Ansari Road, Daryaganj, bNew Delhi e110002 avi, 229p. c22cm(Hb)  aIncludes index aHotel management aDewan, J.M.